Score 0/27 Timer 07:00
0 Plays Today
Hint Answer % Correct
They first left for America on the Mayflower alone???
72.8%
They called themselves The Pilgrims???
72.1%
They were the first Europeans to land in Massachusetts???
67.9%
The main meat served was turkey???
67.5%
Plymouth Rock was not actually used for the landing at Plymouth???
65.1%
The Mayflower Compact was signed by all the passengers???
63.7%
45 of the 102 colonists died the first winter???
63%
The leader of the Wampanoag was Massasoit ???
62.2%
The Thanksgiving Feast lasted three days???
61.8%
The closest native settlement was that of the Wampanoag tribe???
61.2%
One of the dishes served was swan???
57.6%
Cranberries were plentiful and were served as a sauce???
57.6%
Squanto was a Wampanoag chief???
56.7%
The first elected Governor was John Carver???
56%
Hint Answer % Correct
The first place they landed was at modern day Plymouth, Massachusetts???
55.2%
Squanto was the first native to visit the colony in Plymouth???
53.9%
Myles Standish was the leader of the passengers???
52.6%
The Mayflower returned to England after four months???
51.8%
The one child born on the voyage was named Oceanus???
51.5%
The colonists were given their first corn seeds by Squanto???
51.1%
Twelve people died on the voyage to America???
50.8%
There were only four adult women left to prepare the First Thanksgiving???
50.2%
They referred to others as 'Outsiders.'???
48.3%
Almost fifty Native Americans attended the First Thanksgiving???
46.6%
It was Abraham Lincoln who proclaimed the 4th Thursday in November as Thanksgiving Day???
45.9%
Squanto was the first native they met who spoke English???
42.6%
Their spiritual leader was William Bradford???
38.8%

You're not logged in!

Compare scores with friends on all Sporcle quizzes.
OR
Log In

Sporcle TV

Today on Sporcle TV


Watch our educational content, quiz creation guides, and fun videos on Sporcle TV.

Show Comments

Extras

Top Quizzes Today


Score Distribution

Paid Content

Your Account Isn't Verified!

In order to create a playlist on Sporcle, you need to verify the email address you used during registration. Go to your Sporcle Settings to finish the process.

Report this User

Report this user for behavior that violates our Community Guidelines.

Details: